Statistics for NBA Current Points Leaders

Click here to take the quiz!

General Stats

  • This quiz has been taken 25 times
  • The average score is 18 of 35

Answer Stats

HintAnswer% Correct
2.Kevin Durant
100%
1.Lebron James
100%
5.Stephen Curry
100%
3.James Harden
89%
4.Russell Westbrook
89%
9.Giannis Antetokounmpo
79%
30.Nikola Jokic
79%
7.Chris Paul
68%
19.Klay Thompson
68%
13.Kyrie Irving
68%
8.Damian Lillard
63%
6.DeMar Derozan
63%
22.Jimmy Butler
63%
12.Anthony Davis
58%
26.Jeff Green
58%
25.Devin Booker
53%
32.Karl-Anthony Towns
53%
29.Kawhi Leonard
53%
14.Brook Lopez
47%
10.Paul George
47%
16.Bradley Beal
37%
18.Jrue Holiday
37%
20.Kevin Love
37%
15.Kyle Lowry
37%
17.Mike Conley
32%
24.Thaddeus Young
32%
27.Al Horford
26%
28.CJ McCollum
26%
33.Andrew Wiggins
21%
21.Nikola Vucevic
21%
23.Tobias Harris
16%
31.Eric Gordon
11%
34.Harrison Barnes
11%
11.Rudy Gay
11%
35.Gordon Hayward
5%

Score Distribution

Percentile by Number Answered

Percent of People with Each Score

Your Score History

You have not taken this quiz